000
00287nam a22001337a 4500
008
170529b xxu||||| |||| 00| 0 eng d
020
_a
3528050977
041
_a
ger
080
_a
621
100
_a
27
101
_a
IM
245
_a
AUTOMATISIERUNGSTECHNIK
_c
STREJC,V
942
_2
udc
_c
BK
999
_c
14766
_d
14766